000 00817nam a2200193 i 4500
001 157204
003 ES-MaACL
005 20250719062541.0
008 990119s1877 sp |||| | spa d
100 1 _aLastres y Juiz, Francisco,
_d1848-1918
_970504
245 1 0 _aProcedimientos civiles y criminales
_b: con arreglo a las últimas leyes y disposiciones vigentes ; seguidos de un Manual de formularios, para facilitar la aplicación de la teoría a la práctica forense /
_cpor Francisco Lastres.
250 _a5ª ed. corr. y aum.
260 _aMadrid :
_bLibrería de Victoriano Suarez,
_c1877 (
_fImp. de Enrique Vicente)
300 _a440 p. ;
_c20 cm.
597 _aAntep.
650 0 4 _aDerecho procesal-
_zEspaña.
_911762
852 _aES-MaACL
_jG-13897
_z- Enc. hol.
999 _c157204
_d157204